Flashbacks : historia personal y cultural de una época : una autobiografía /
Guardat en:
| Autor principal: | |
|---|---|
| Altres autors: | |
| Format: | Llibre |
| Idioma: | espanyol |
| Publicat: |
Barcelona, España :
Alpha Decay,
2004, c2004
|
| Col·lecció: | (Héroes Modernos ;
67) |
| Matèries: | |
| Etiquetes: |
Sense etiquetes, Sigues el primer a etiquetar aquest registre!
|
MARC
| LEADER | 00000nam^a2200000^a^4500 | ||
|---|---|---|---|
| 001 | 000391220 | ||
| 005 | 20250521000000.0 | ||
| 009 | 20260310121207.891 | ||
| 020 | |a 84-933332-2-0 | ||
| 037 | |a Acervo ITESO - Biblioteca | ||
| 041 | |a ESP | ||
| 082 | |a 150. 92 |b LEA | ||
| 100 | |a Leary, Timothy |e (autor) | ||
| 245 | 1 | 0 | |a Flashbacks : |b historia personal y cultural de una época : una autobiografía / |c T. Leary ; pról. de W.S. Burroughs ; tr. por Gabriel Dols. |
| 264 | 4 | |a Barcelona, España : |b Alpha Decay, |c 2004, c2004 | |
| 300 | |a 699 p. | ||
| 336 | |a texto |b txt |2 rdacontenido | ||
| 337 | |a sin mediación |b n |2 rdamedio | ||
| 338 | |a volumen |b nc |2 rdasoporte | ||
| 440 | 1 | |a (Héroes Modernos ; |v 67) | |
| 500 | |a Traducción de: Flashbacks: A Personal and Cultural History of an Era: An Autobiography | ||
| 649 | |a XX | ||
| 650 | |a Psicólogos Norteamericanos - |x Memorias - |x Tema Principal | ||
| 650 | |a Memorias Norteamericanas | ||
| 650 | |a Literatura Autobiográfica - |z EUA | ||
| 650 | |a Literatura Norteamericana - |y Siglo XX | ||
| 650 | |a Contracultura - |z EUA - |x Historia - |y Siglo XX | ||
| 650 | |a Cultura Popular - |z EUA - |x Historia - |y Siglo XX | ||
| 650 | |a LSD - |x Tema Principal | ||
| 650 | |a Alucinógenos | ||
| 650 | |a Drogas Ilegales - |x Efectos | ||
| 650 | |a Percepción - |x Investigación | ||
| 650 | |a Estados de Conciencia - |x Investigación - |x Tema Principal | ||
| 650 | |a Conciencia - |x Investigación | ||
| 650 | |a Espiritualidad | ||
| 650 | |a Investigación Experimental | ||
| 650 | |a Psicología - |x Investigación | ||
| 650 | |a Psicología - |x Historia - |y Siglo XX | ||
| 650 | |a Leary, Timothy - |x Tema Principal | ||
| 700 | |a Burroughs, William S. |e (prólogo) | ||
| 910 | |a Fondo General | ||
| 920 | |a Impresos - Libros | ||
| 930 | |a Colección General | ||
| 905 | |a 101 | ||
| 901 | |a 0500286074 |b IT1 |c ACC |i C148694 |u 20250521 | ||
| 902 | |a https://opac.biblio.iteso.mx/vufind/Record/000391220 | ||